The seven that were hanged : and other stories.

Bibliographic Details
Main Author: Andreyev, Leonid, 1871-1919
Format: Book
Language:English
Published: New York : Vintage book, [1961]

MARC

Tag First Indicator Second Indicator Subfields
LEADER 00000cam a2200000 4500
001 in00000720596
005 20161026142611.0
008 720601s1961 nyu 00000 eng u
035 |a (OCoLC)00322212 
035 |9 ADD4669AM 
040 |c WSU  |d TXA  |d UtOrBLW 
049 |a TXAM  |c [900672] 
090 |a PG3452  |b S48 1961 
050 4 |a PG3452  |b .R32 1961 
100 1 |a Andreyev, Leonid,  |d 1871-1919. 
245 1 4 |a The seven that were hanged :  |b and other stories. 
264 1 |a New York :  |b Vintage book,  |c [1961] 
300 |a 249 pages 
336 |a text  |b txt  |2 rdacontent 
337 |a unmediated  |b n  |2 rdamedia 
338 |a volume  |b nc  |2 rdacarrier 
999 |a MARS 
999 f f |s d9b93f83-d2a5-3da6-82b6-93f92a596300  |i 084ab68d-ffeb-39b8-b464-cb3832c2f16b  |t 0 
952 f f |p ric  |a Texas A&M University  |b Rellis Campus  |c Joint Library Facility  |s JLF  |d Remote Storage  |t 0  |e PG3452 S48 1961  |h Library of Congress classification  |i unmediated -- volume  |m A14804195236 
998 f f |a PG3452 S48 1961  |t 0  |l Remote Storage